Así hablan las montañas : (Caurcota Icks Yoconama) : leyendas andinas de la Segunda Región /

Bibliographic Details
Other Authors: Gómez Parra, Domingo
Format: Libro
Language:Spanish
Published: Antofagasta [s.n.] 1998
Edition:2a. ed.
Series:Biblioteca Tradicional Atacameña
Subjects:
Online Access:

MARC

LEADER 00000cam a2200000 a 4500
001 017173
003 UAHC_CL
005 20170803121449.0
008 070416b2004 cl 000 spa
020 |a 9567012091 
040 |a UAHC_CL  |c UAHC_CL  |d UAHC_CL 
245 1 0 |a Así hablan las montañas :  |b (Caurcota Icks Yoconama) : leyendas andinas de la Segunda Región /  |c [compilados por] Domingo Gómez Parra. 
250 |a 2a. ed. 
260 |b [s.n.]  |a Antofagasta  |c 1998 
300 |a 69 p. 
490 0 |a Biblioteca Tradicional Atacameña 
650 4 |a LEYENDAS  |z CHILE  |z REGION ANDINA 
650 4 |a LEYENDAS  |z CHILE  |z SEGUNDA REGION 
653 |a ANTROPOLOGIA 
700 1 |a Gómez Parra, Domingo 
900 |a 398.2 GOM 
942 |c BK 
952 |0 0  |1 0  |4 0  |6 398_200000000000000_GOM  |7 0  |8 General  |9 34122  |a BC  |b BC  |c General  |d 2017-08-03  |l 0  |o 398.2 GOM  |p 1358115  |r 2026-01-13 00:00:00  |t 1  |w 2017-08-03  |y BK 
999 |c 17173  |d 17173